Estatísticas para Maiores Cidades da Paraíba

Clique aqui para jogar o quiz

Estatísticas Gerais

  • Esse quiz foi jogado 893 vezes
    (884 desde o último reset)
  • A pontuação média é 8 de 20

Respostas no mapa

Respostas codificadas por cores de uma escala verde-vermelha no mapa do quiz de acordo com a % correta abaixo.
 

Estatísticas das Respostas

PopulaçãoCidade% Correto
814.430João Pessoa
99%
392.560Campina Grande
86%
104.540Patos
63%
54.970Sousa
54%
68.760Cabedelo
52%
96.300Bayeux
50%
50.620Cajazeiras
50%
118.410Santa Rita
49%
52.310Guarabira
38%
26.310Pombal
33%
21.960Monteiro
31%
22.750Catolé do Rocha
30%
36.530Mamanguape
30%
40.170Sapé
30%
23.930Queimadas
28%
23.090Esperança
26%
27.850São Bento
25%
19.000Solânea
21%
19.680Itabaiana
20%
18.920Caaporã
18%

Distribuição das Pontuações

Percentil de Números Respondidos

Porcentagem de Pessoas com Cada Pontuação

Sua Pontuação Histórica

Você não jogou esse quiz desde o último reset